Largest Islands of Greece - Statistics

General Stats
  • This quiz has been taken 639 times
  • The average score is 7 of 16
Answer Stats
Land Area (km^2) Answer % Correct
8,336 Crete
98%
1,401 Rhodes
82%
1,633 Lesbos
79%
592.9 Corfu
70%
3,670 Euboea
43%
290.3 Kos
42%
406 Zante
37%
429.8 Naxos
36%
781 Cephalonia
34%
477.4 Samos
31%
842.3 Chios
29%
477.6 Lemnos
22%
380.0 Andros
17%
380.1 Thassos
16%
303 Lefkada
15%
300 Karpathos
12%
No matching quizzes found
Score Distribution
Percent of People with Each Score
Percentile by Number Answered
Your Score History
You have not taken this quiz